000
00289nam a2200109Ia 4500
008
220204s9999 xx 000 0 und d
082
_a
030=573.14
_b
NAR.1-2
100
_a
Narayana Panikkar, R
245
0
_a
Nava Yuga bhasha nighantu. 2 V
260
_a
Trivandrum
_b
Reddiar press
942
_c
BK
999
_c
19778
_d
19778